|
|
|
|
| LEADER |
00953nam a2200205 a 4500 |
| 001 |
00015933 |
| 008 |
110203s2007 bg a b 000 0 ben |
| 020 |
|
|
|a 9848090258
|
| 082 |
0 |
0 |
|a 660.6
|2 22
|
| 100 |
1 |
|
|a ভদ্র, সত্যজি কুমার
|
| 245 |
1 |
0 |
|a জৈবপ্রযুক্তি ও এর ব্যবহার /
|c ড. সত্যজি কুমার ভদ্র
|
| 260 |
|
|
|a ঢাকা :
|b বংলাদেশ বিশ্ববিদ্যালয় মঞ্জুরী কমিশন,
|c ২০০৭
|
| 300 |
|
|
|a iii, ২০৮ পৃ. :
|b চিএ ;
|c 22 cm.
|
| 504 |
|
|
|a Includes bibliographical references.
|
| 541 |
|
|
|e 00015933
|
| 650 |
|
0 |
|a Biotechnology
|
| 852 |
4 |
|
|a Ayesha Abed Library
|j General shelf
|
| 942 |
0 |
0 |
|0 1
|
| 999 |
|
|
|c 10431
|d 10431
|
| 952 |
|
|
|0 0
|1 0
|2 ddc
|4 0
|6 660_600000000000000_BHA
|7 0
|9 14342
|a BRACUL
|b BRACUL
|c GEN
|d 2011-02-06
|l 11
|m 113
|o 660.6 BHA
|p 3010015933
|r 2024-02-27
|s 2023-10-10
|t 1
|w 2011-02-06
|y BK
|